NFL - 2024 Chiefs Roster - Statistics

General Stats
  • This quiz has been taken 745 times
  • The average score is 14 of 24
Answer Stats
Hint Answer % Correct
QB Patrick Mahomes
100%
TE Travis Kelce
93%
RB Isiah Pacheco
91%
DT Chris Jones
87%
WR Rashee Rice
86%
K Harrison Butker
80%
C Creed Humphrey
72%
CB Trent McDuffie
68%
CB L'Jarius Sneed
64%
MLB Nick Bolton
62%
LG Joe Thuney
59%
RG Trey Smith
57%
LT Donovan Smith
55%
P Tommy Townsend
54%
DE George Karlaftis
53%
WR Marquez Valdes-Scantling
52%
WR Mecole Hardman
50%
SS Justin Reid
49%
RT Jawaan Taylor
46%
LB Willie Gay
41%
LB Leo Chenal
30%
DT Derrick Nnadi
26%
DE Mike Danna
25%
FS Mike Edwards
25%
No matching quizzes found
Score Distribution
Percent of People with Each Score
Percentile by Number Answered
Your Score History
You have not taken this quiz